First Pokémon by Type Combination: Psychic - Statistics

General Stats
  • This quiz has been taken 55 times
    26 since last reset
  • The average score is 14 of 18
Answer Stats
Type combination Pokédex # Pokémon Region % Correct
Pure Psychic 0063 Abra Kanto
100%
Psychic / Rock 0337 Lunatone Hoenn
81%
Psychic / Ice 0122 Mr. Mime Galar
81%
Psychic / Electric 0026 Raichu Alola
81%
Psychic / Water 0079 Slowpoke Kanto
81%
Psychic / Flying 0144 Articuno Galar
76%
Psychic / Ground 0343 Baltoy Hoenn
76%
Psychic / Steel 0374 Beldum Hoenn
76%
Psychic / Normal 0203 Girafarig Johto
76%
Psychic / Fighting 0307 Meditite Hoenn
76%
Psychic / Fairy 0078 Rapidash Galar
76%
Psychic / Bug 0825 Dottler Galar
71%
Psychic / Grass 0102 Exeggcute Kanto
71%
Psychic / Ghost 0720 Hoopa (Confined) Kalos
71%
Psychic / Dark 0686 Inkay Kalos
71%
Psychic / Dragon 0380 Latias Hoenn
71%
Psychic / Poison 0080 Slowbro Galar
71%
Psychic / Fire 0494 Victini Unova
62%
No matching quizzes found
Score Distribution
Percent of People with Each Score
Percentile by Number Answered
Your Score History
You have not taken this quiz since the last reset